zpět

Detail výsledku týmu

Trojka, Brno

Datum a čas kvízu

28 Celkem bodů Celkový počet nahraných bodů na tomto kvízu bez doplňovacích otázek.
6. Pořadí na kvízu Konečné umístění týmu na tomto kvízu.

Zaznamenané odpovědi

# Otázka Odpověď Body Výsledky
1. Ekonomka a bývalá rektorka brn... Danuše Nerudová 1
2. Velkolepé čtyřdenní oslavy pla... medvídek (Paddington) 0
3. Nejsledovanější kauza současno... 15 milionů USD 0
4. V úterý jsme se dozvěděli, že... Orsay 1
5. Jak se jmenuje nový trenér prv... Brian Priske 0
6. V dalším díle této tematické s... C 1
7. Paulinie nápojná je známá hlav... guarana 0
8. Tento pták je druhým největším... harpyje 1
9. S podobně vypadajícím zvířetem... ocelot 1
10. Broméliovité je čeleď rostlin... A 0